| 000 | 00786cam a2200217 a 4500 | ||
|---|---|---|---|
| 999 |
_c57907 _d57907 |
||
| 001 | 16871599 | ||
| 005 | 20221114152343.0 | ||
| 008 | 110714s2011 enka b 001 0 eng d | ||
| 020 | _a9780230249820x | ||
| 041 | _aeng | ||
| 080 | _a321.94 H-65 | ||
| 100 | 1 |
_aHix, Simon. _910892 |
|
| 245 | 1 | 4 |
_aThe political system of the European Union. _cSimon Hix. |
| 250 |
_a3rd ed. / _bSimon Hix and Bjørn Høyland. |
||
| 264 |
_aBasingstoke : _bPalgrave Macmillan, _c2011. |
||
| 300 |
_axv, 400 p. : _bill. ; _c24 cm. |
||
| 653 | _aThe Political System of the European Union | ||
| 653 | _aევროკავშირის პოლიტიკური სისტემა | ||
| 653 | _aПолитическая система Европейского Союза | ||
| 942 |
_2udc _cBK |
||